[Event "Fast KO, 1500-1800"]
[Site "SchemingMind.com"]
[Date "2011.04.01"]
[Round "-"]
[White "Erik Johnson"]
[Black "loco61"]
[Result "1/2-1/2"]
[WhiteCountry "USA"]
[BlackCountry "ENG"]
[WhiteElo "1734"]
[WhiteRD "89"]
[BlackElo "1567"]
[BlackRD "62"]
[GameID "279631"]

1. e4 e5 2. Nf3 Nc6 3. d4 d6 4. dxe5 dxe5 5. Qxd8+ Kxd8 6. c3 Bc5 7. Bc4 Ke7 8. O-O Be6 9. Bxe6 Kxe6 10. Nbd2 Nge7
11. Nb3 Bb6 12. Re1 Rad8 13. Be3 Rd7 14. Nc5+ Bxc5 15. Bxc5 b6 16. Ba3 Rhd8 17. b3 Ng6 18. g3 h6 19. Kf1 Rd3 20. Ng1 Rxc3
21. Rac1 Rxc1 22. Rxc1 Nge7 23. Bxe7 Nxe7 24. Rxc7 a5= 25. Ke2 Rd6 26. f4 exf4 27. gxf4 f5 28. e5 Rc6 29. Rxc6+ Nxc6 30. Nf3 Kd5
31. Ke3 Nb4 32. a4 Nc2+ 33. Kf2 g5 34. Kg3 g4 35. Nd2 Nd4 36. Kf2 h5 37. Kg2 h4 38. Nc4 h3+ 39. Kf2 Nxb3 40. Nxb6+ Kc5
41. Nc4 Kd5 42. Kg3 Nc5 43. Nxa5 Nxa4=
1/2-1/2

[Event "Fast KO, 1500-1800"]
[Site "SchemingMind.com"]
[Date "2011.04.02"]
[Round "-"]
[White "loco61"]
[Black "Erik Johnson"]
[Result "0-1"]
[WhiteCountry "ENG"]
[BlackCountry "USA"]
[WhiteElo "1567"]
[WhiteRD "62"]
[BlackElo "1734"]
[BlackRD "89"]
[GameID "279637"]

1. e4 d5 2. exd5 Qxd5 3. c4 Qe4+ 4. Qe2 Nf6 5. d3 Qxe2+ 6. Bxe2 Nc6 7. Nf3 b6 8. Nc3 Bb7 9. Bf4 e5 10. Bg3 Bb4
11. O-O Bxc3 12. bxc3 Nd7 13. Rfe1 O-O 14. d4 Rfe8 15. d5 Ne7 16. Nxe5 Nxe5 17. Bxe5 Rac8 18. Rad1 Ng6 19. Bg3 h6 20. f4 Re3
21. Rd3 Rce8 22. Kf2 R3e4 23. Rd4 Nf8 24. Rxe4 Rxe4 25. Bd3 Rxe1 26. Kxe1 Nd7 27. Bf2 g6 28. Ke2 Kf8 29. Ke3 Ke7 30. g4 c6
31. Be4 Kd6 32. Bg3 Kc5 33. dxc6 Bxc6 34. Bxc6 Kxc6 35. Kd4 Kd6 36. h4 f5 37. g5 h5 38. Bf2 Nc5 39. Be3= Ne6+ 40. Kd3 Nc5+
41. Bxc5+ Kxc5 42. a4 a5 43. Kc2= Kxc4 44. Kd2 Kb3 45. Kd3 Kxa4 46. Kc4 b5+
0-1

[Event "Fast KO, 1500-1800"]
[Site "SchemingMind.com"]
[Date "2011.04.06"]
[Round "-"]
[White "emvarela"]
[Black "mmccaffe"]
[Result "1/2-1/2"]
[WhiteCountry "ARG"]
[BlackCountry "USA"]
[WhiteElo "1750"]
[WhiteRD "48"]
[BlackElo "1800"]
[BlackRD "54"]
[GameID "279746"]

1. e4 c5 2. Nf3 d6 3. d4 cxd4 4. Nxd4 Nf6 5. Nc3 a6 6. Bc4 e6 7. Bb3 Be7 8. Be3 O-O 9. g4 Nc6 10. Nxc6 bxc6
11. f4 Qc7 12. g5 Nd7 13. Qd3 Nc5 14. Bxc5 dxc5 15. O-O-O Bb7 16. Qe3 Bd6 17. e5 Be7 18. Ne4 c4 19. Bxc4 Rfd8 20. h4 a5
21. Nd6 Bxd6 22. exd6 Rxd6 23. Rxd6 Qxd6 24. Rd1 Qc7 25. Qe5 Qe7 26. Qd6 Kf8 27. Qe5 Rd8 28. Qxa5 Rxd1+ 29. Kxd1 Qd6+ 30. Qd2 Qxd2+
31. Kxd2 c5 32. a4 Ke7 33. c3 Kd6 34. b4 Kc6 35. a5 Ba8 36. Kd3 Kc7 37. b5 Bd5 38. Bxd5 exd5 39. c4 d4 40. h5 f5
41. gxf6 gxf6 42. a6 Kb6 43. h6 Ka7 44. f5 Kb6 45. Ke4=
1/2-1/2

[Event "Fast KO, 1500-1800"]
[Site "SchemingMind.com"]
[Date "2011.04.06"]
[Round "-"]
[White "mmccaffe"]
[Black "emvarela"]
[Result "1-0"]
[WhiteCountry "USA"]
[BlackCountry "ARG"]
[WhiteElo "1771"]
[WhiteRD "52"]
[BlackElo "1785"]
[BlackRD "50"]
[GameID "279750"]

1. e4 e5 2. f4 Nf6 3. Nc3 d5 4. exd5 e4 5. Bb5+ c6 6. dxc6 Nxc6 7. d3 Bb4 8. Bd2 Bg4 9. Qc1 Bxc3 10. Bxc3 Qe7
11. Kf1 exd3 12. Bxd3 O-O 13. Qe1 Qxe1+ 14. Rxe1 Rfe8 15. Rxe8+ Rxe8 16. Nf3 Bxf3 17. gxf3 a6 18. Bxf6 gxf6 19. Rg1+ Kh8 20. Rg3 Rg8
21. Be4 Rxg3 22. hxg3 Kg7 23. Bxc6 bxc6 24. Ke2 Kf8 25. Ke3 Ke7 26. Kd4 Kd6 27. b4 h5 28. f5 Kd7 29. Kc5 Kc7 30. a4
1-0

[Event "Fast KO, 1500-1800"]
[Site "SchemingMind.com"]
[Date "2011.04.05"]
[Round "-"]
[White "kenneth m day"]
[Black "Clive Everill"]
[Result "1-0"]
[WhiteCountry "USA"]
[BlackCountry "CZE"]
[WhiteElo "1977"]
[WhiteRD "79"]
[BlackElo "1710"]
[BlackRD "53"]
[GameID "279971"]

1. d4 d5 2. Nf3 c5 3. c4 Nc6 4. e3 e6 5. Nc3 cxd4 6. exd4 dxc4 7. Bxc4 Nf6 8. a3 Bd7 9. Bg5 Be7 10. h4 Qc7
11. Qe2 Qb6 12. O-O-O Na5 13. Ba2 Rc8 14. Kb1 Bxa3 15. Rd3 Be7 16. Rc1 O-O 17. Ne5 Bc6 18. Nxc6 Nxc6 19. Be3 Qa6 20. Rd2 Qxe2
21. Nxe2 Ng4 22. Nf4 Nxe3 23. fxe3 Bxh4 24. Rh1 Bg5 25. Nxe6 Bxe3 26. Rd3 Bxd4 27. Nxd4 Nxd4 28. Rxd4 Rc7 29. Bb3 Kh8 30. Bc2 g6
31. Rdh4 f5 32. g4 Rg7 33. gxf5 gxf5 34. Rf4 Rg5 35. Rhf1 h5 36. Rxf5 Rfxf5 37. Rxf5 Rg1+ 38. Ka2 Rh1 39. Be4 Re1 40. Rxh5+ Kg8
41. Bxb7 Re7 42. Ba6 Kg7 43. Rb5 Kf6 44. Rb7 Ke6 45. Rxe7+ Kxe7 46. Kb3 Kd6 47. Kb4 Kc6 48. Ka5 Kc5 49. b4+ Kc6 50. Bc8 Kc7
51. Ka6 Kb8 52. Bf5 Ka8 53. Be4+ Kb8 54. b5
1-0

[Event "Fast KO, 1500-1800"]
[Site "SchemingMind.com"]
[Date "2011.04.05"]
[Round "-"]
[White "Clive Everill"]
[Black "kenneth m day"]
[Result "1-0"]
[WhiteCountry "CZE"]
[BlackCountry "USA"]
[WhiteElo "1740"]
[WhiteRD "56"]
[BlackElo "1904"]
[BlackRD "73"]
[GameID "279973"]

1. e4 d5 2. exd5 Qxd5 3. Nc3 Qd6 4. d4 Nf6 5. Bd3 Nc6 6. Nge2 e5 7. O-O a6 8. dxe5 Nxe5 9. Bf4 Bg4 10. f3 Bh5
11. Kh1 O-O-O 12. Bf5+ Nfd7 13. Qe1 f6 14. Rd1 Qb6 15. Bxe5 fxe5 16. Nd5 Qxb2 17. Qa5 Bd6 18. Rb1 Qa3 19. Nb6+ Kb8 20. Nxd7+ Ka7
21. Qxa3 Bxa3 22. Nxe5 Rhe8 23. Be4 c6 24. Nc4 Bc5 25. Ng3 Bf7 26. Bd3 Rd4 27. Na5 Bb6 28. Nb3 Bxb3 29. axb3 g6 30. Rfe1 Rxe1+
31. Rxe1 Bc5 32. Ne4 Bb4 33. Re2 Be7 34. Ng3 Bf6 35. h3 Bg5 36. Ne4 Bf4 37. g3 Bc7 38. Kg2 Bd8 39. Bc4 b5 40. Bg8 h6
41. Nc5 Rd6 42. Re6 Rd2+ 43. Kf1 Rxc2 44. Rxc6 Bb6 45. b4 a5 46. Rxg6 a4 47. f4 a3 48. Bb3 a2 49. Bxa2 Rxa2 50. Rxh6 Rb2
51. Nd3 Rb3 52. Ke2 Bd4 53. f5 Rc3 54. f6 Rc7 55. g4 Rc6 56. Rh7+ Kb6 57. g5 Bxf6 58. gxf6 Rxf6 59. h4 Rf5 60. h5 Kc6
61. h6 Kd6 62. Rh8 Ke7 63. h7 Rh5 64. Nf4 Rh6 65. Ng6+ Rxg6 66. Re8+ Kxe8 67. h8=Q+ Kf7 68. Qh7+ Kf6 69. Qb7 Rg5 70. Qc6+ Ke7
71. Qe4+ Kf6 72. Kd3 Re5 73. Qh4+ Ke6 74. Kc3 Kd5 75. Qd8+ Ke4 76. Qd3+ Kf4 77. Kd4 Rf5 78. Qf1+ Kg5 79. Qxf5+ Kxf5 80. Kc5
1-0

[Event "Fast KO, 1500-1800"]
[Site "SchemingMind.com"]
[Date "2011.04.07"]
[Round "-"]
[White "Phillip Beckett"]
[Black "Vivi"]
[Result "0-1"]
[WhiteCountry "ENG"]
[BlackCountry "USA"]
[WhiteElo "1681"]
[WhiteRD "49"]
[BlackElo "1977"]
[BlackRD "93"]
[GameID "280262"]

1. e4 d6 2. d4 Nf6 3. Nc3 c6 4. Nf3 Bg4 5. h3 Bh5 6. Be2 e6 7. O-O Be7 8. e5 Nfd7 9. exd6 Bxd6 10. Ne5 Bg6
11. Nxd7 Nxd7 12. Be3 Qc7 13. Qd2 O-O-O 14. Bd3 f5 15. f4 Bf7 16. Na4 h6 17. c4 g5 18. fxg5 hxg5 19. c5 Bh2+ 20. Kh1 f4
21. Bf2 f3 22. Nb6+ axb6 23. cxb6 Nxb6 24. a4 Bh5 25. a5 Nd5 26. a6 Bg4 27. axb7+ Kd7 28. Ra7 fxg2+ 29. Kxg2 Nf4+ 30. Kxh2 Rxh3+
31. Kg1 Ne2+ 32. Qxe2 Qh2#
0-1

[Event "Fast KO, 1500-1800"]
[Site "SchemingMind.com"]
[Date "2011.04.11"]
[Round "-"]
[White "berra"]
[Black "A.Swain"]
[Result "1-0"]
[WhiteCountry "SWE"]
[BlackCountry "ENG"]
[WhiteElo "1545"]
[WhiteRD "67"]
[BlackElo "1116"]
[BlackRD "62"]
[GameID "280590"]

1. e4 e5 2. c4 Bc5 3. Nf3 Qf6 4. d3 d6 5. Bg5 Qe6 6. d4 Bb4+ 7. Bd2 a5 8. a3 Bxd2+ 9. Qxd2 Nf6 10. Nc3 O-O
11. Be2 b6 12. Ng5 Qe7 13. O-O Nc6 14. Nb5 exd4 15. Nxd4 Nxe4 16. Nxc6 Qxg5 17. Qxg5 Nxg5 18. h4 Ne4 19. Bf3 Nd2 20. Rfc1 Nxf3+
21. gxf3 Re8 22. Nd4 c5 23. Nb5 Re7 24. Nxd6 Bh3 25. Re1 Rxe1+ 26. Rxe1 Rd8 27. Ne4 Re8 28. Kh2 Bf5 29. Kg2 h5 30. Kf1 Bh3+
31. Ke2 f5 32. Rh1 fxe4 33. Rxh3 exf3+ 34. Kxf3 Rf8+ 35. Ke3 Kh7 36. f4 Kg6 37. Ke4 a4 38. Ke5 Rf5+ 39. Ke4
1-0

[Event "Fast KO, 1500-1800"]
[Site "SchemingMind.com"]
[Date "2011.04.11"]
[Round "-"]
[White "A.Swain"]
[Black "berra"]
[Result "0-1"]
[WhiteCountry "ENG"]
[BlackCountry "SWE"]
[WhiteElo "1410"]
[WhiteRD "92"]
[BlackElo "1564"]
[BlackRD "67"]
[GameID "280594"]

1. e4 e5 2. Bc4 c6 3. Qf3 Nf6 4. d3 d5 5. exd5 cxd5 6. Bb5+ Bd7 7. a4 Bxb5 8. axb5 Bc5 9. Bg5 Be7 10. Qe3 Nbd7
11. Rxa7 d4 12. Rxa8 Qxa8 13. Qf3 O-O 14. Qg3 g6 15. Nd2 b6 16. Ngf3 Qa5 17. O-O e4 18. dxe4 Qxb5 19. b3 Qc6 20. e5 Ne4
21. Nxe4 Qxe4 22. Bxe7 Re8 23. Bf6 Nxf6 24. exf6 h6 25. Re1 Qc6 26. Nxd4 Rxe1#
0-1

[Event "Fast KO, 1500-1800"]
[Site "SchemingMind.com"]
[Date "2011.04.12"]
[Round "-"]
[White "Wojciech  Langer"]
[Black "aadaam"]
[Result "1/2-1/2"]
[WhiteCountry "INT"]
[BlackCountry "INT"]
[WhiteElo "1644"]
[WhiteRD "98"]
[BlackElo "1630"]
[BlackRD "97"]
[GameID "280644"]

1. d4 Nf6 2. c4 e6 3. Nf3 d5 4. Nc3 Be7 5. Bg5 O-O 6. e3 c6 7. Qc2 Nbd7 8. Bd3 h6 9. Bh4 Qc7 10. Bg3 Bd6
11. e4 Bxg3 12. hxg3 dxc4 13. Bxc4 e5 14. O-O-O exd4 15. Nxd4 Ne5 16. Be2 Bd7 17. f4 Neg4 18. Bxg4 Nxg4 19. Rhe1 Rad8 20. Qb3 a6
21. Kb1 c5 22. Nd5 Qa5 23. Nc2 b5 24. a3 Rfe8 25. Qc3 Qxc3 26. Nxc3 Bc6 27. Rxd8 Rxd8 28. Re2 Nf6 29. e5 Ng4 30. e6 fxe6
31. Rxe6 Rc8 32. Re7 Bxg2 33. Ra7 Rc6 34. Kc1 Nf6 35. Kd2 Rd6+ 36. Kc1 Ne4 37. Ne3 Nxc3 38. bxc3 Be4 39. Nd1 Kh7 40. Re7 Bf3
41. Nf2 Kg6 42. Re3 Bc6 43. Rd3 Re6 44. Kd2 a5 45. Re3 Rxe3 46. Kxe3 h5 47. Nd3 b4 48. cxb4 cxb4 49. axb4 axb4 50. Nxb4 Bd7
51. Nd5= Be6 52. Nc7 Bg4 53. Nd5 Kf5=
1/2-1/2

[Event "Fast KO, 1500-1800"]
[Site "SchemingMind.com"]
[Date "2011.04.12"]
[Round "-"]
[White "aadaam"]
[Black "Wojciech  Langer"]
[Result "0-1"]
[WhiteCountry "INT"]
[BlackCountry "INT"]
[WhiteElo "1629"]
[WhiteRD "90"]
[BlackElo "1620"]
[BlackRD "102"]
[GameID "280652"]

1. d4 c5 2. d5 e5 3. c4 Nf6 4. Nc3 Bd6 5. e4 O-O 6. Nf3 Re8 7. Be2 Qc7 8. O-O Be7 9. Nb5 Qb6 10. d6 Bd8
11. a4 a6 12. a5 Qc6 13. Nc3 Re6 14. Qd4 cxd4 15. b3 dxc3
0-1

[Event "Fast KO, 1500-1800"]
[Site "SchemingMind.com"]
[Date "2011.05.11"]
[Round "-"]
[White "Erik Johnson"]
[Black "spoke"]
[Result "1-0"]
[WhiteCountry "USA"]
[BlackCountry "GER"]
[WhiteElo "1784"]
[WhiteRD "88"]
[BlackElo "1746"]
[BlackRD "66"]
[GameID "283732"]

1. e4 e5 2. Nf3 Nc6 3. d4 exd4 4. Nxd4 Qf6 5. Nxc6 Qxc6 6. Bd3 Nf6 7. Qf3 Bc5 8. O-O d6 9. h3 Be6 10. Nc3 O-O-O
11. Bg5 h6 12. Bxf6
1-0

[Event "Fast KO, 1500-1800"]
[Site "SchemingMind.com"]
[Date "2011.05.11"]
[Round "-"]
[White "spoke"]
[Black "Erik Johnson"]
[Result "0-1"]
[WhiteCountry "GER"]
[BlackCountry "USA"]
[WhiteElo "1746"]
[WhiteRD "66"]
[BlackElo "1784"]
[BlackRD "88"]
[GameID "283734"]

1. e4 d5 2. exd5 Qxd5 3. Nc3 Qa5 4. d4 c6 5. Bc4 Bf5 6. Bd2 Qc7 7. Nge2 e6 8. Ng3 Bg6 9. O-O Bd6 10. Qf3 Nf6
11. Bb3 Nbd7
0-1

[Event "Fast KO, 1500-1800"]
[Site "SchemingMind.com"]
[Date "2011.06.15"]
[Round "-"]
[White "Wojciech  Langer"]
[Black "Vivi"]
[Result "0-1"]
[WhiteCountry "INT"]
[BlackCountry "USA"]
[WhiteElo "1606"]
[WhiteRD "96"]
[BlackElo "2118"]
[BlackRD "84"]
[GameID "286336"]

1. d4 c5 2. d5 e5 3. e4 Nf6 4. Nc3 Bd6 5. Be2 Bc7 6. Nf3 Ba5 7. Bd2 d6 8. a3 Bxc3 9. Bxc3 Nxe4 10. Qd3 Bf5
11. Qe3 Nxc3 12. Qxc3 O-O 13. O-O-O Nd7 14. h3 c4 15. g4 Be4 16. Rhg1 Rc8 17. h4 Nc5 18. g5 Nd3+ 19. Kb1 Nf4 20. Bf1 Bxd5
21. Nxe5 dxe5 22. Qxe5 c3 23. b3 Qa5 24. Qxf4 Qxa3 25. Qc1 Qa5 26. Bg2 Bxb3 27. cxb3 c2+ 28. Qxc2 Rxc2 29. Kxc2 Qa2+ 30. Kc3 Rc8+
0-1

[Event "Fast KO, 1500-1800"]
[Site "SchemingMind.com"]
[Date "2011.06.15"]
[Round "-"]
[White "Vivi"]
[Black "Wojciech  Langer"]
[Result "1-0"]
[WhiteCountry "USA"]
[BlackCountry "INT"]
[WhiteElo "2118"]
[WhiteRD "84"]
[BlackElo "1606"]
[BlackRD "96"]
[GameID "286340"]

1. d4 Nf6 2. Nf3 d5 3. Bf4 e6 4. c4 Bb4+ 5. Nfd2 O-O 6. Qb3 c5 7. dxc5 Bxc5 8. e3 Nc6 9. Nc3 Re8 10. O-O-O e5
11. Bg5 Na5 12. Qb5 b6 13. Bxf6 gxf6 14. Nxd5 Bb7 15. Qxe8+ Qxe8 16. Nxf6+ Kf8 17. Nxe8 Kxe8 18. Nf3 f6 19. Nh4 Bc6 20. Be2 Ke7
21. Nf5+ Ke6 22. Nd4+ Bxd4 23. exd4 exd4 24. Rxd4 Rg8 25. Re1
1-0

[Event "Fast KO, 1500-1800"]
[Site "SchemingMind.com"]
[Date "2011.07.10"]
[Round "-"]
[White "berra"]
[Black "kenneth m day"]
[Result "0-1"]
[WhiteCountry "SWE"]
[BlackCountry "USA"]
[WhiteElo "1554"]
[WhiteRD "68"]
[BlackElo "1943"]
[BlackRD "55"]
[GameID "288486"]

1. Nf3 d5 2. c4 d4 3. g3 c5 4. d3 Nc6 5. a3 Nf6 6. Bg2 Bg4 7. O-O e5 8. e4 dxe3 9. Bxe3 Bd6 10. h3 Bh5
11. Qa4 O-O 12. Nc3 Bg6 13. Rfd1 a6 14. Qb3 Rb8 15. Bg5 Nd4 16. Nxd4 exd4 17. Nd5 Be7 18. h4 Nxd5 19. cxd5 f6 20. Re1 Bf7
21. Bf4 Bd6 22. Re4 b5 23. Rae1 f5 24. Bxd6 Qxd6 25. Re5 g6 26. f3 Rfc8 27. f4 c4 28. Qb4 Rc5 29. Qd2 Bxd5 30. Qe2 Bxg2
31. Qxg2 c3 32. Rxc5 Qxc5 33. bxc3 Qxc3 34. Qd5+ Kg7 35. Qe5+ Kh6 36. Qe7 Rb7 37. Qe8 Qxd3 38. Kh2 Qf3 39. Qf8+ Kh5 40. Rg1 Rc7
41. Rg2 Rc4 42. g4+ fxg4 43. Qf7 Qh3+ 44. Kg1 Rc1+ 45. Kf2 Qf3#
0-1

[Event "Fast KO, 1500-1800"]
[Site "SchemingMind.com"]
[Date "2011.07.10"]
[Round "-"]
[White "kenneth m day"]
[Black "berra"]
[Result "1-0"]
[WhiteCountry "USA"]
[BlackCountry "SWE"]
[WhiteElo "1943"]
[WhiteRD "55"]
[BlackElo "1554"]
[BlackRD "68"]
[GameID "288492"]

1. d4 Nf6 2. Nc3 d5 3. e4 dxe4 4. f3 Nd5 5. fxe4 Nxc3 6. bxc3 e5 7. d5 Qh4+ 8. Kd2 Qxe4 9. Nf3 f6 10. c4 Bd7
11. Bd3 Qf4+ 12. Ke2 Qg4 13. Kf1 e4 14. Qe2 f5 15. Ne5 Qh4 16. Qe3 Bd6 17. Nxd7 Nxd7 18. Be2 Rf8 19. Bb2 Rf7 20. Rb1 O-O-O
21. Bd4 b6 22. Qb3 Nc5 23. Qb5 Qf4+ 24. Ke1 e3 25. c3 Nd3+ 26. Kd1 Nf2+ 27. Kc2 Qe4+ 28. Kb3 Nxh1 29. Rxh1 c5 30. dxc6 Rdf8
31. Bf3 Qe7 32. Re1 Bf4 33. Bd5 Rf6 34. g3 Bh6 35. Qa6+ Kd8 36. Qb7 Qxb7 37. cxb7 Ke7 38. c5 Rg6 39. c6 Kd6 40. c4 Re8
41. Be5+
1-0

[Event "Fast KO, 1500-1800"]
[Site "SchemingMind.com"]
[Date "2011.07.20"]
[Round "-"]
[White "Erik Johnson"]
[Black "Vivi"]
[Result "0-1"]
[WhiteCountry "USA"]
[BlackCountry "USA"]
[WhiteElo "1774"]
[WhiteRD "79"]
[BlackElo "2118"]
[BlackRD "84"]
[GameID "289059"]

1. e4 e6 2. d4 d5 3. exd5 exd5 4. Nf3 Bd6 5. Nc3 c6 6. Be2 Bf5 7. Be3 Nf6 8. Qd2 Nbd7 9. Bd3 Ne4 10. Nxe4 dxe4
11. g4 Bg6 12. Bxe4 Bxe4 13. Qe2 O-O 14. O-O-O Qa5 15. Kb1 Qd5
0-1

[Event "Fast KO, 1500-1800"]
[Site "SchemingMind.com"]
[Date "2011.07.20"]
[Round "-"]
[White "Vivi"]
[Black "Erik Johnson"]
[Result "1-0"]
[WhiteCountry "USA"]
[BlackCountry "USA"]
[WhiteElo "2118"]
[WhiteRD "84"]
[BlackElo "1774"]
[BlackRD "79"]
[GameID "289060"]

1. e4 d5 2. exd5 Qxd5 3. Nc3 Qa5 4. d4 c6 5. Bc4 b5 6. Bb3 Bf5 7. Qf3 e6 8. d5 cxd5 9. Bxd5 exd5 10. Qxd5 Bxc2
11. Qxa8 Qc7 12. Nge2 Bd6 13. Nxb5 Bb4+ 14. Bd2 Qc6 15. Qxb8+
1-0

[Event "Fast KO, 1500-1800"]
[Site "SchemingMind.com"]
[Date "2011.09.06"]
[Round "-"]
[White "kenneth m day"]
[Black "mmccaffe"]
[Result "1-0"]
[WhiteCountry "USA"]
[BlackCountry "USA"]
[WhiteElo "1943"]
[WhiteRD "55"]
[BlackElo "1668"]
[BlackRD "48"]
[GameID "292316"]

1. d4 Nf6 2. Nf3 g6 3. Nc3 Bg7 4. e4 d6 5. Be3 O-O 6. Qd2 c6 7. a4 Nbd7 8. Be2 e5 9. Bg5 Re8 10. h4 h5
11. O-O-O
1-0

[Event "Fast KO, 1500-1800"]
[Site "SchemingMind.com"]
[Date "2011.09.07"]
[Round "-"]
[White "mmccaffe"]
[Black "kenneth m day"]
[Result "0-1"]
[WhiteCountry "USA"]
[BlackCountry "USA"]
[WhiteElo "1668"]
[WhiteRD "48"]
[BlackElo "1943"]
[BlackRD "55"]
[GameID "292321"]

1. e4 e6 2. d4 d5 3. Nc3 Nf6 4. e5 Nfd7 5. f4 a6 6. Nf3 c5 7. Be3 Nc6 8. Qd2 Be7 9. Be2 O-O 10. O-O cxd4
11. Nxd4 Nxd4
0-1

[Event "Fast KO, 1500-1800"]
[Site "SchemingMind.com"]
[Date "2011.10.06"]
[Round "-"]
[White "Vivi"]
[Black "kenneth m day"]
[Result "1-0"]
[WhiteCountry "USA"]
[BlackCountry "USA"]
[WhiteElo "2132"]
[WhiteRD "102"]
[BlackElo "1897"]
[BlackRD "56"]
[GameID "294472"]

1. e4 e6 2. d4 d5 3. Nc3 Nf6 4. Bg5 Be7 5. e5 Nfd7 6. h4 a6 7. Qg4 Bxg5 8. hxg5 c5 9. g6 f5 10. Qf4 h6
11. Nf3 Nc6 12. Ng5 Qxg5 13. Qxg5 hxg5 14. Rxh8+ Nf8 15. dxc5 Nxe5 16. Rg8 Nxg6 17. Rxg7 g4 18. Na4 Ne5 19. Nb6 Rb8 20. c4 Bd7
21. cxd5 exd5 22. O-O-O Bc6 23. Re1
1-0

[Event "Fast KO, 1500-1800"]
[Site "SchemingMind.com"]
[Date "2011.10.05"]
[Round "-"]
[White "kenneth m day"]
[Black "Vivi"]
[Result "0-1"]
[WhiteCountry "USA"]
[BlackCountry "USA"]
[WhiteElo "1898"]
[WhiteRD "56"]
[BlackElo "2144"]
[BlackRD "104"]
[GameID "294474"]

1. e4 e6 2. d3 d5 3. Nd2 Nf6 4. Ngf3 b6 5. e5 Nfd7 6. d4 c5 7. c3 Ba6 8. Bxa6 Nxa6 9. Nf1 Be7 10. Ng3 Nc7
11. h4 b5 12. Ng5 h6 13. Nf3 h5 14. Ng5 g6 15. Qf3 Rf8 16. Qf4 f6 17. Nh7 Rg8 18. Qh6 cxd4 19. cxd4 fxe5 20. Bg5 Bxg5
21. Nxg5 Qf6 22. O-O Rh8 23. Nh7 O-O-O 24. Nxf6 Rxh6 25. Nxd7 Kxd7 26. dxe5 Na6 27. f4 Rc8 28. Rac1 Rhh8 29. Rc3 Rxc3 30. bxc3 Rc8
31. Rf3 Nc5 32. Ne2 Ne4 33. Kf1 Nd2+ 34. Kf2 Nxf3 35. Kxf3 Rc4 36. Ke3 Ra4 37. Nc1 a5 38. g3 Ra3 39. Kd3 b4 40. Kd2 Rxc3
41. Ne2 d4 42. Nxc3 bxc3+ 43. Kc2 Kc6
0-1